000 00422nam a2200169Ia 4500
008 230524s9999 xx 000 0 und d
082 _a537
_bCHA
100 _aD.Chattopadhya
_96286
245 0 _aElectricity And Magnetism
250 _a5TH
260 _aCALCUTTA
_bNew Age International
_c2004
300 _aVII;546
500 _aQuantity Number: 1
650 _aPhysics
700 _a P.C.Rakshit
_96287
942 _cBK
999 _c8864
_d8864